00398nam a2200145Ia 4500003000400000005001700004008004100021040000900062082001500071100002600086245008600112260003000198300000900228650001500237OSt20260416152738.0190216s9999||||xx |||||||||||||| ||und|| coclc a100bYAT/N aYati, Nitya Chaitanya 0aNarayanaguruvinte Atmadarsanam Prayogika Jeevithathil /cNithya Chaithanya Yathi  bPen Books,aAluva:c2000. a196p aPhilosophy